00474nam a2200145 a 450000100100000000500170001000800410002704000250006808200150009311000270010824500370013526000490017230000200022150000870024100001646320200929164922.0100305s1923 dr 000 0 spa d aDO-SdBNPbspacBNPHU axxxbR426r1 aRepública Dominicana10aReglamento general de policía. aSanto DomingofDe J. R. Vda. Garcíac1923. a92 p. ;c25 cm. aDictado en fecha 15 de junio del 1923. Publicado en la gaceta oficial núm. 2440.